000 00781nam a2200217 a 4500
003 0
005 20250319092408.0
008 060801s19uu xx 00 eng d
050 _aPGS SF 756.7.A55
_b.Y42 2006
100 _aYee, Kerwynn C.
245 _aAnimal care practices of grade 6 SISC students /
_cKerwynn C. Yee.
260 _aLas Pinas City :
_bSouthville International School and Colleges,
_c2006.
300 _a21 pages :
_billustrations :
_c28 cm.
504 _aIncludes bibliographic references.
650 _aAnimal welfare.
650 _aPet care
_vStudy and teaching (Elementary).
650 _aStudents
_vAttitudes toward animals
650 _aHuman-animal relationships
_vChildren.
650 _aResponsibility in children
_vAnimal care.
942 _2lcc
_cPASS
999 _c97567
_d97567